| 000 | 01167nam a2200301 i 4500 | ||
|---|---|---|---|
| 001 | 70999 | ||
| 003 | Mx-PuUPA | ||
| 005 | 20240508111115.0 | ||
| 008 | 240506s2023 tnu |||gr|||| 00| 0 spa d | ||
| 020 | _a9781400337057 | ||
| 040 |
_aMx-PuUPA _bspa _cMx-PuUPA _dMx-PuUPA _erda |
||
| 041 | 0 | _aspa | |
| 100 | 1 |
_aMuñoz Iturrieta, Pablo, _d1982- _915649 _eautor |
|
| 245 | 1 | 0 |
_aApaga el celular y enciende tu cerebro : _bmanipulación, control y destrucción del ser humano / _cPablo Muñoz Iturrieta |
| 264 | 1 |
_aNashville, Tennessee : _bHarper Enfoque, _c©2023 |
|
| 300 |
_a294 páginas ; _c23 cm |
||
| 336 |
_2rdacontent _atexto _btxt |
||
| 337 |
_2rdamedia _asin medio _bn |
||
| 338 |
_2rdacarrier _avolumen _bnc |
||
| 650 | 7 |
_2armarc _aAtención |
|
| 650 | 7 |
_2armarc _aTecnología _xAspectos sociológicos |
|
| 650 | 7 |
_2armarc _aDistracción (Psicología) |
|
| 942 |
_2ddc _cLI _h153.733 _iM94 |
||
| 999 |
_c70999 _d70999 |
||